| 000 | 01081nam a2200301 i 4500 | ||
|---|---|---|---|
| 001 | 187204 | ||
| 003 | SpMaBN | ||
| 005 | 20250629063154.0 | ||
| 008 | 170505s1989 xxkc |||| |deng d | ||
| 020 | _a0-85668-443-0 | ||
| 080 | _a27(460)"04/14"(082.2) | ||
| 080 | _a929 Highfield, Roger | ||
| 245 | 0 | 0 |
_aGod and man in medieval Spain : _bessays in honour of J.R.L. Highfield / _cedited by Derek W. Lomax & David Mackenzie. |
| 260 |
_aWarminster : _bAris & Phillips, _c1989. |
||
| 300 |
_aXXIV, 168 páginas : _b1 retrato ; _c21 cm. |
||
| 490 | 1 | _aHispanic classics | |
| 504 | _aBibliografía: p. XI-XXIV. | ||
| 599 | _aRetrato de Roger Highfield | ||
| 600 | 1 | 4 |
_aHighfield, Roger- _vHomenajes. _9162552 |
| 651 | 4 |
_aEspaña- _xHistoria eclesiástica. _98368 |
|
| 700 | 1 |
_aLomax, Derek W. _epbl _973172 |
|
| 700 | 1 |
_aMackenzie, David _d1943- _epbl _9162553 |
|
| 830 | 1 |
_aHispanic classics _9225537 |
|
| 852 |
_aES-MaACL _cDEPO2 _hDonativo José Prat _jL-31548 |
||
| 942 |
_2udc _cMONOGRAFIA _n0 |
||
| 999 |
_c187204 _d187204 |
||